000 00661nmm a2200253 a 4500
003 AR-BaBNM
005 20251128205103.0
008 276019s1995 ||||||||||||||000 | spa||
020 _a950-43-6277-X
040 _cAR-BaBNM
100 1 _aMinujin, Daniel Alberto
245 1 0 _aComo armar tu programa de radio
260 _aBuenos Aires
_b[s.n.]
_c1995
300 0 _a63 p.
_bdiagr.
500 0 _aContiene un glosario en p. 55-62
650 4 _aRADIO
650 4 _aRADIO EDUCATIVA
650 4 _aPROGRAMAS RADIOFONICOS
650 4 _aRADIODIFUSION
650 4 _aMEDIOS DE COMUNICACION
650 4 _aTECNOLOGIA EDUCATIVA
942 _cBK
998 _cSILVI
999 _c9932
_d9932